000 00200 a2200097 4500
001 20510
100 _aBarkan V
245 _aRadio Receivers
260 _a
_bMir Publishers
_c
090 _c14907
_d14907
942 _aNUST-CAE
_cM
_c5455
999 _c255583
_d255583